000 01437cam a2200361Li 4500
001 ocn470471570
003 TZ-ArACH
005 20110929151832.0
008 041028s2004 fr d 000 0 fre d
015 _a00500557
_2bnf
016 7 _aFRBNF392677100000003
_2FrPBN
020 _a9782753500150
035 _a(OCoLC)470471570
040 _aBDF
_bfre
_cTZ-ArACH
049 _aSZTA
050 _aK1150 .L42
_b.L42
082 1 _a343.096 03
_222
100 1 _aLe Bayon, Alain,
_d1940-....
_4aut
_92500
245 1 0 _aDictionnaire de droit maritime /
_cAlain Le Bayon.
260 _aRennes :
_bPresses universitaires de Rennes,
_c2004
_e(53-Bonchamp-lès-Laval :
_fImpr. Barnéoud)
300 _a280 p. :
_bcouv. ill. en coul. ;
_c24 cm.
490 0 _aDidact, Droit
500 _aIndex.
650 7 _aDroit maritime
_xDictionnaires.
_2ram
_92501
650 7 _aLaw of the sea
_xDictionaries
_92502
760 0 _tDidact. Droit.,
_d2004
_x1290-6735
_w(FrPBN)36591252
760 0 _tDidact. collection (Rennes),
_d2004
_x1151-9436
_w(FrPBN)34267962
856 4 2 _3Notice et cote du catalogue de la Bibliothèque nationale de France
_uhttp://catalogue.bnf.fr/ark:/12148/cb392677104
886 1 _2intermrc
_a009
_ba--dd--------------
886 2 _2intermrc
_a680
_b0-
_a340
_b340
942 _2lcc
_cBOOK
999 _c706
_d706